Μαθητές, ερευνητές και πολίτες : μια πρωτοποριακή διδασκαλία των επιστημών

Αποθηκεύτηκε σε:
Λεπτομέρειες βιβλιογραφικής εγγραφής
Άλλοι συγγραφείς: Charpak, Georges (Επιμελητής έκδοσης)
Μορφή: Βιβλίο
Γλώσσα:Greek
French
Δημοσίευση: Αθήνα : Σαββάλας, 2003.
Σειρά:Διδασκαλία και έρευνα (Σαββάλας)
Θέματα:
Ετικέτες: Προσθήκη ετικέτας
Δεν υπάρχουν, Καταχωρήστε ετικέτα πρώτοι!

MARC

LEADER 00000cam a2200000 i 4500
001 1/67903
008 041209s2003 gr | ||| |||| ||gre||
020 |a 9604230387 
035 |l 10075675 
040 |a GR-MyUa   |b gre   |e AACR2  
041 1 |a gre  |h fre 
082 7 |a 507.1073   |2 (21) 
245 0 0 |a Μαθητές, ερευνητές και πολίτες :   |b μια πρωτοποριακή διδασκαλία των επιστημών /   |c υπό τη διεύθυνση του Georges Charpak ; με τη συνεργασία του Leon Lederman και της ομάδας του Rene Garassino... [et al]. 
260 |a Αθήνα :   |b Σαββάλας,   |c 2003.  
300 |a 252 σ. ;   |c 24 εκ.  
490 1 |a (Διδασκαλία και έρευνα / Σαββάλας)  
500 |a Τίτλος πρωτοτύπου: Enfants, chercheurs et citoyens. 
650 0 |a Science  |x Study and teaching  |z United States. 
650 0 |a Science  |x Study and teaching  |z France. 
650 0 |a Science  |x Study and teaching  |z Japan. 
700 0 |a Charpak, Georges,  |e edt 
830 0 |a Διδασκαλία και έρευνα (Σαββάλας) 
852 |a INST  |b RHODES  |e 20041209  |h 507.1073 ΜΑΘ  |p 005400018072  |q 005400018072  |t BK  |y 0 
901 |a BIBL4-2005-1 
922 |a 4ΕΛΗ  |b 200412  |c ΒΙΒΛΙΟΘΗΚΗ  |d ΔΕΝΤΡΟ 
950 |a 094 
970 |a Χοροζίδου  |b Τζένη  |z 2005/01/20